| 000 -ლიდერი |
| ფიქსირებული სიგრძის საკონტროლო ველი |
01548nam a22002297a 4500 |
| 003 - საკონტროლო ნომრის იდენტიფიკატორი |
| საკონტროლო ველი |
Ge_BSU |
| 005 - ბოლო ოპერაციის თარიღი და დრო |
| საკონტროლო ველი |
20230728153528.0 |
| 008 - ფიქსირებული სიგრძის მონაცემთა ელემენტები - ზოგადი ინფორმაცია |
| ფიქსირებული სიგრძის საკონტროლო ველი |
230728s2019ge xxu||||| |||| 00| 0 geo d |
| 020 ## - წიგნის საერთაშორისო სტანდარტული ნომერი |
| International Standard Book Number |
9789941183317 |
| 041 ## - ენის კოდი |
| Language code of text/sound track or separate title |
geo |
| 080 ## - უნივერსალური ათობითი კლასიფიკაციის ინდექსი |
| Universal Decimal Classification number |
811.353.1'221.24'367.625 მ-44 |
| 100 ## - მთავარი ჩანაწერი - პიროვნების სახელი |
| Personal name |
მახარობლიძე, თამარ, ავტორი. |
| 9 (RLIN) |
19561 |
| 245 ## - ცნობა სათაურის შესახებ |
| Title |
ქართული ჟესტური ენის ზმნის მორფოლოგია : |
| Remainder of title |
[მონოგრაფია] / |
| Statement of responsibility, etc |
თამარ მახარობლიძე ; წიგნზე მუშაობდნენ ყრუთა თემის წევრები: თამარ ჯიქიძე, ნათია და ლამარა ჯაფოშვილები. |
| 264 ## - წარმოების, გამოცემის, დისტრიბუციის და სხვა ცნობები |
| გამოცემის, წარმოების, დისტრიბუციის... ადგილი |
თბილისი : |
| გამოცემის, წარმოების, დისტრიბუციის... სახელწოდება |
ილიას სახელმწ. უნივერსიტეტი, |
| გამოცემის, წარმოების, დისტრიბუციის... თარიღი |
2019. |
| 300 ## - ფიზიკური აღწერა |
| Extent |
248 გვ. : |
| Other physical details |
ილ. ; |
| Dimensions |
25 სმ. |
| 500 ## - ზოგადი შენიშვნა |
| General note |
კვლევა განხორციელდა შოთა რუსთაველის ეროვნული სამეცნიერო ფონდის ფინანსური მხარდაჭერით. |
| 546 ## - LANGUAGE NOTE |
| Language note |
ტექსტის ნაწილი ინგლისურ ენაზე. |
| 653 ## - INDEX TERM--UNCONTROLLED |
| Uncontrolled term |
ქართული ჟესტური ენის ზმნა. |
| 700 ## - ADDED ENTRY--PERSONAL NAME |
| Personal name |
ჯიქიძე, თამარ [და სხვ] |
| 9 (RLIN) |
19562 |
| 773 ## - HOST ITEM ENTRY |
| Title |
ნაჩუქარი |
| 942 ## - ADDED ENTRY ELEMENTS (KOHA) |
| Source of classification or shelving scheme |
|
| Koha item type |
წიგნი |